Enciclopedia visual seres vivos / (Registro nro. 4408)

Detalles MARC
000 -LEADER
fixed length control field 00620nam a2200205Ia 4500
003 - CONTROL NUMBER IDENTIFIER
control field OSt
005 - DATE AND TIME OF LATEST TRANSACTION
control field 20200921133359.0
008 - FIXED-LENGTH DATA ELEMENTS--GENERAL INFORMATION
fixed length control field 191128t1994 ck a gr 000 f spa d
020 ## - INTERNATIONAL STANDARD BOOK NUMBER
International Standard Book Number 9589567207
040 ## - CATALOGING SOURCE
Original cataloging agency CO-JMCR
Transcribing agency CO-JMCR
041 ## - LANGUAGE CODE
Language code of text/sound track or separate title spa
082 04 - DEWEY DECIMAL CLASSIFICATION NUMBER
Classification number R /
Item number 590 E561e
245 #0 - TITLE STATEMENT
Title Enciclopedia visual seres vivos /
260 ## - PUBLICATION, DISTRIBUTION, ETC.
Place of publication, distribution, etc. Bogotá :
Name of publisher, distributor, etc. Casa Editorial el Tiempo,
Date of publication, distribution, etc. ©1994
300 ## - PHYSICAL DESCRIPTION
Extent 180 páginas :
Other physical details ilustraciones a color ;
Dimensions 21 cm.
500 ## - GENERAL NOTE
General note Incluye índice páginas 181-196
505 ## - FORMATTED CONTENTS NOTE
Formatted contents note Cuerpo humano -- Animales -- Plantas
650 14 - SUBJECT ADDED ENTRY--TOPICAL TERM
Topical term or geographic name entry element Enciclopedias Cuerpo humano
9 (RLIN) 10580
942 ## - ADDED ENTRY ELEMENTS (KOHA)
Source of classification or shelving scheme Dewey Decimal Classification
Koha item type Books
Existencias
Withdrawn status Lost status Source of classification or shelving scheme Damaged status Not for loan Collection code Home library Current library Date acquired Source of acquisition Total Checkouts Full call number Barcode Date last seen Date last checked out Copy number Koha item type Shelving location Price effective from
    Dewey Decimal Classification     Fiction Biblioteca Pública José María del Castillo y Rada Biblioteca Pública José María del Castillo y Rada 11/28/2019 Donación 1 R / 590 E561e 201809266 02/05/2020 02/05/2020 Ej.1 Books    
    Dewey Decimal Classification       Biblioteca Pública José María del Castillo y Rada Biblioteca Pública José María del Castillo y Rada   Donación   R / 590 E561e 201810823 03/12/2021   Ej.2 Books Reference